[Event "St Petersburg Korchnoi Memorial op"]
[Site "St Petersburg"]
[Date "2023.08.23"]
[Round "8"]
[White "Gadzhiev, Ruslan"]
[Black "Mullyaminova, Sofiya"]
[Result "1-0"]
[WhiteElo "1888"]
[BlackElo "1650"]
[PlyCount "81"]
[EventDate "2023.08.18"]
[EventType "swiss"]
[EventRounds "9"]
[EventCountry "RUS"]
[SourceTitle "EXT 2024"]
[Source "ChessBase"]
[SourceDate "2023.10.10"]
[SourceVersion "1"]
[SourceVersionDate "2023.10.10"]
[SourceQuality "1"]

1. e4 c5 2. Nf3 d6 3. d4 cxd4 4. Nxd4 Nf6 5. Nc3 a6 6. a4 e6 7. Be2 Nc6 8. 0-0 Be7 9. Be3 0-0 10. f4 Qc7 11. Nb3 b6 12. Bf3 Bb7 13. Re1 Rfd8 14. Qe2 Rab8 15. Rad1 Nb4 16. Bd4 Nd7 17. Bf2 Bf6 18. Nd4 g6 19. Rd2 e5 20. Nb3 exf4 21. Bd4 Ne5 22. Qf2 Nxf3+ 23. Qxf3 Be5 24. Qf2 Bc8 25. Nc1 Be6 26. N1e2 g5 27. g3 fxg3 28. Nxg3 Bxd4 29. Rxd4 Qc5 30. Red1 Qe5 31. Rxb4 Bg4 32. Rd5 Qe7 33. Nf5 Bxf5 34. Qxf5 h6 35. Rd2 d5 36. Rbd4 dxe4 37. Nd5 Qf8 38. Nf6+ Kg7 39. Rf2 Qc5 40. Nh5+ Kh8 41. Qf6+ 1-0